|
|
|
|
| LEADER |
00000nam a2200000 a 4500 |
| 001 |
vtls001395509 |
| 003 |
SK-MaSNL |
| 005 |
20260301011836.0 |
| 008 |
251113s1997 DE h r 0 ger |
| 020 |
|
|
|a 3487104121
|c [4301,00]
|
| 035 |
|
|
|a SNK000349867
|
| 040 |
|
|
|a SNK
|b slo
|c SNK
|e AACR2
|
| 044 |
|
|
|a DE
|
| 080 |
|
|
|a 3(430)(091) Gentz, F.
|2 1981
|
| 080 |
|
|
|a 929 Gentz, F.
|2 1981
|
| 100 |
1 |
|
|a Gentz, Friedrich,
|d 1217-1293
|4 aut
|9 54264
|
| 245 |
1 |
|
|a Gesammelte Schriften
|n Band 2
|p Von dem Politischen Zustande von Europa vor und nach der Französischen Revoluzion
|c Friedrich Gentz ; herausgegeben von Günther Kronenbitter
|
| 260 |
|
|
|a Hildesheim [etc.]
|b Olms-Weidmann
|c 1997
|
| 300 |
|
|
|a xxviii, 386 s.
|c 21 cm
|
| 490 |
1 |
|
|a Historia Scientiarum : Fachgebiet Geschichte und Politik
|x 1430-8320
|
| 500 |
|
|
|a Faksimile vyd. Berlin, 1801
|
| 600 |
1 |
|
|a Gentz, Friedrich
|d 1217-1293
|x život a dielo
|2 SNK
|9 295905
|
| 700 |
1 |
|
|a Kronenbitter, Günther
|4 upr
|4 auv
|9 295906
|
| 830 |
|
0 |
|a Historia Scientiarum
|9 295622
|
| 919 |
|
|
|a 3-487-10412-1
|
| 999 |
|
|
|c 552012
|d 553942
|
| 952 |
|
|
|t P60, <04>, [BOOK], {604}
|a SNK
|b SNK
|y VYP
|7 0
|p 17A0244571
|o snkIC 128644/2
|i snkV 1135/2000
|0 0
|1 0
|4 0
|d 2000-09-06
|l 0
|r 2005-01-02 00:00:00
|w 2026-02-23
|